Editorial

Elmentve itt :
Bibliográfiai részletek
Szerzők: Doró Katalin
Tůma František
Testületi szerző: European Society for the Study of English Conference (14.) (2018) (Brno)
Dokumentumtípus: Cikk
Megjelent: LoGoS Kutatócsoport Szegedi Tudományegyetem, Angoltanár-képző és Alkalmazott Nyelvészeti Tanszék Szeged 2018
Sorozat:EduLingua 4 No. 1
Kulcsszavak:Alkalmazott nyelvészet - konferencia - beszámoló
Tárgyszavak:
doi:10.14232/edulingua.2018.1.1

Online Access:http://acta.bibl.u-szeged.hu/58146
LEADER 01029nab a2200265 i 4500
001 acta58146
005 20250620112948.0
008 190514s2018 hu o 000 eng d
022 |a 2415-945X 
024 7 |a 10.14232/edulingua.2018.1.1  |2 doi 
040 |a SZTE Egyetemi Kiadványok Repozitórium  |b hun 
041 |a eng 
100 1 |a Doró Katalin 
245 1 0 |a Editorial  |h [elektronikus dokumentum] /  |c  Doró Katalin 
260 |a LoGoS Kutatócsoport Szegedi Tudományegyetem, Angoltanár-képző és Alkalmazott Nyelvészeti Tanszék  |b Szeged  |c 2018 
300 |a I-II 
490 0 |a EduLingua  |v 4 No. 1 
650 4 |a Társadalomtudományok 
650 4 |a Oktatástudomány 
650 4 |a Bölcsészettudományok 
650 4 |a Nyelvek és irodalom 
695 |a Alkalmazott nyelvészet - konferencia - beszámoló 
700 0 1 |a Tůma František  |e aut 
710 |a European Society for the Study of English Conference (14.) (2018) (Brno) 
856 4 0 |u http://acta.bibl.u-szeged.hu/58146/1/edulingua_2018_001_001-002.pdf  |z Dokumentum-elérés